000
00309nam a2200133Ia 4500
008
240624s9999 xx 000 0 und d
041
_a
eng
082
_a
823 MEY
100
_a
MEYER STEPHENIE
245
_a
NEW MOON
260
_c
2009
_a
London
_b
Atom Books
300
_a
497 : p. : cm. ; 21
365
_c
RS
_b
15
999
_c
14637
_d
14637